000 005760000a22001810004500
003 MACL
005 20160507161827.0
008 160507b xxu||||| |||| 00| 0 eng d
040 _aMACL
_cMACL
041 _aHindi
082 _a800 ACC
100 _aचतुरसेन, आचार्य
_937332
245 _aविराट पुरूष
_cआचार्य चतुरसेन
260 _aनई दिल्‍ली
_bभूषण साहित्‍य
_c2011
350 _a150
650 _aरचनावली
_9163
942 _cHIN
_k800/AAC
_2ddc
999 _c46077
_d46077